Problémy riadenia verejných organizácií (využívanie benchmarkingu)

Bibliographic Details
Main Author: Mikušová Meričková, Beáta, 1976- (Author)
Format: Article
Language:Slovak
PhysicalDescription:Tab.
ISSN:1336-8818
Subjects:

MARC

LEADER 00000nab a2200000 ar4500
001 vtls010186060
003 SK-MaSNL
005 20260304161012.0
008 250507c2010 xo ||||||||||||00 b|slo
015 |a SNBRB2010/11  |2 snkbucl 
035 |a (sysno)vtls010186060 
035 |a urn:nbn:sk:snk-ab75b2 
035 |a (uuid)b5a8f115-f97c-4ac3-8831-c880f7db3bc9 
035 |a (urnnbn)urn:nbn:sk:snk:ar-a06w6w 
038 |a SNKBUCL 
040 |a SNKBUCL  |b slo  |c SNKBUCL  |e AACR2 
041 0 |a slo  |b eng 
044 |a xo  |c SK 
080 |a 35.07:005.642.1  |2 2001 
080 |a 338.46  |2 2001 
080 |a 005.642.1  |2 2001 
100 1 |a Mikušová Meričková, Beáta,  |d 1976-  |4 aut  |9 151377 
245 1 0 |a Problémy riadenia verejných organizácií (využívanie benchmarkingu)  |c Beáta Meričková 
246 3 1 |a Selected problems of management of public organizations - benchmarking 
300 |b Tab. 
500 |a Pozn. pod čiarou 
504 |a Bibliogr. odkazy 
546 |a Súbežný názov angl. ; res. angl. 
650 0 7 |a verejný sektor  |2 snkbucl  |9 31777 
650 0 7 |a inštitúcie a organizácie  |2 snkbucl  |9 66282 
650 0 7 |a benchmarking  |2 snkbucl  |9 926 
773 0 |t Acta Aerarii Publici  |g Roč. 7, č. 1 (2010), s. 38-48  |x 1336-8818 
850 |a Slovenská národná knižnica 
852 |a Slovenská národná knižnica 
954 |a odborná, vedecká literatúra pôvodná (slovenská)  |2 lita 
958 |a article27 
958 |a OND 
958 |a NB 
958 |a EUIPO 
999 |c 2969560  |d 2971490